Statistics for Biggest Cities in Illinois Outside Chicago Metro Area

Click here to take the quiz!

General Stats

  • This quiz has been taken 85 times
    (36 since last reset)
  • The average score is 18 of 40

Answer Stats

#PopulationCity% Correct
1144,213Rockford
93%
2113,010Springfield
93%
490,739Champaign
89%
576,382Bloomington
86%
754,149Normal
86%
841,684Urbana
86%
3108,353Peoria
79%
669,966Decatur
75%
2025,377East St Louis
71%
940,936Moline
71%
2224,633Carbondale
68%
1236,660Rock Island
64%
1139,751Quincy
57%
1529,657Danville
54%
1825,731Edwardsville
50%
1040,009Belleville
46%
3714,667Mount Vernon
46%
1925,690Alton
36%
2523,433Freeport
36%
1429,855Galesburg
36%
3217,356Marion
36%
2820,393East Moline
32%
1727,618Granite City
32%
3317,087Macomb
32%
2125,117Belvidere
29%
2324,039Collinsville
29%
1331,633Pekin
29%
3117,467Mattoon
25%
3914,239Sterling
25%
2919,967Charleston
21%
3614,927Dixon
21%
2722,384East Peoria
21%
1629,635O'Fallon
21%
3814,496Shiloh
21%
3515,933Fairview Heights
18%
3018,267Jacksonville
18%
2423,453Loves Park
18%
3416,408Washington
18%
4013,536Cahokia
14%
2622,669Machesney Park
14%

Score Distribution

Percentile by Number Answered

Percent of People with Each Score

Your Score History

You have not taken this quiz since the last reset